000
00314nam a22001337a 4500
008
190129b xxu||||| |||| 00| 0 eng d
020
_a
9780534214982
041
_a
eng
080
_a
371
100
_a
46
101
_a
EDU
245
_a
Making Conncetions through reading and writing
_c
Gold,M.V
942
_2
udc
_c
BK
999
_c
53821
_d
53821